Box Office Hits by Genre - Statistics

General Stats
  • This quiz has been taken 141 times
  • The average score is 4 of 21
Answer Stats
Genre Movie % Correct
Animation Toy Story 3
72%
Sci-fi Avatar
58%
Bond Casino Royale
42%
Swashbuckler Pirates of the Caribbean: Dead Man's Chest
35%
Superhero The Dark Knight
33%
Animation Series Shrek
32%
Anime Spirited Away
29%
Fantasy The Lord of the Rings: The Return
25%
Martial arts The Karate Kid
22%
High-school comedy Superbad
18%
Silent The Artist
18%
Comedy The Hangover: Part 2
15%
Zombie Resident Evil: Afterlife
10%
Musical Mamma Mia
7%
Gangster The Departred
7%
Spy The Bourne Ultimatum
5%
Crime Ocean's Eleven
4%
Horror The Twilight Saga: New Moon
4%
Post-apocalyptic I Am Legend
3%
Video game spin-off Prince of Persia: Sands of Time
2%
Foreign Language The Passion of the Christ
1%
No matching quizzes found
Score Distribution
Percent of People with Each Score
Percentile by Number Answered
Your Score History
You have not taken this quiz